Adult and non formal education. (Record no. 106342)
[ view plain ]
| 000 -LEADER | |
|---|---|
| fixed length control field | 00383nam a2200145Ia 4500 |
| 008 - FIXED-LENGTH DATA ELEMENTS--GENERAL INFORMATION | |
| fixed length control field | 210210b2002 xxu||||| |||| 00| 0 eng d |
| 020 ## - INTERNATIONAL STANDARD BOOK NUMBER | |
| International Standard Book Number | 81 7629 371 7 |
| 082 ## - DEWEY DECIMAL CLASSIFICATION NUMBER | |
| Classification number | 374 MOHA |
| 100 ## - MAIN ENTRY--PERSONAL NAME | |
| Personal name | MOHANTY (Jagannath). |
| 245 ## - TITLE STATEMENT | |
| Title | Adult and non formal education. |
| 260 ## - PUBLICATION, DISTRIBUTION, ETC. | |
| Place of publication, distribution, etc. | ND |
| Name of publisher, distributor, etc. | Deep & Deep Publications Pvt Ltd., |
| Date of publication, distribution, etc. | 2002 |
| 300 ## - PHYSICAL DESCRIPTION | |
| Extent | xix,532 |
| 690 ## - LOCAL SUBJECT ADDED ENTRY--TOPICAL TERM (OCLC, RLIN) | |
| Topical term or geographic name as entry element | Education |
| 906 ## - LOCAL DATA ELEMENT F, LDF (RLIN) | |
| a | 059153 |
| Withdrawn status | Lost status | Damaged status | Not for loan | Collection code | Home library | Current library | Shelving location | Date acquired | Source of acquisition | Cost, normal purchase price | Total Checkouts | Full call number | Barcode | Date last seen | Price effective from | Koha item type |
|---|---|---|---|---|---|---|---|---|---|---|---|---|---|---|---|---|
| St Aloysius Library | St Aloysius Library | 02/17/2021 | Book World, Mangalore. | 290.00 | 374 MOHA | 059153 | 02/17/2021 | 02/17/2021 | Book |